| 000 | 00548nam a2200205Ia 4500 | ||
|---|---|---|---|
| 003 | OSt | ||
| 005 | 20250221142802.0 | ||
| 008 | 210210b1987 xxu||||| |||| 00| 0 eng d | ||
| 040 | _cAL | ||
| 041 | _aHindi | ||
| 082 | _aH891.4 AGRG | ||
| 100 |
_aAGRVAL (Kailashchandr) _960055 |
||
| 110 |
_bअग्रवाल कैलाशचंद्र _9201715 |
||
| 245 |
_aGady gandh: _bगद्य गंध |
||
| 260 |
_aAgra _bVinod Pustak Mandir _c1987 |
||
| 300 | _a100 | ||
| 690 |
_aHindi Prose _960056 |
||
| 906 | _a042591 | ||
| 942 |
_2ddc _cBK |
||
| 999 |
_c92013 _d92013 |
||